Elemnts of Workshop Technology Vol 1 (Record no. 237)

MARC details
000 -LEADER
fixed length control field 00352nam a22001577a 4500
020 ## - INTERNATIONAL STANDARD BOOK NUMBER
International Standard Book Number 81-85099-14-6
041 ## - LANGUAGE CODE
Language code of text/sound track or separate title ENG
100 ## - MAIN ENTRY--PERSONAL NAME
Personal name Hajra Choudhury.S.K
245 ## - TITLE STATEMENT
Title Elemnts of Workshop Technology Vol 1
250 ## - EDITION STATEMENT
Edition statement Elevente ED
260 ## - PUBLICATION, DISTRIBUTION, ETC. (IMPRINT)
Place of publication, distribution, etc Delhi
Name of publisher, distributor, etc M.P &P
Date of publication, distribution, etc 1997
300 ## - PHYSICAL DESCRIPTION
Extent 653
650 ## - SUBJECT ADDED ENTRY--TOPICAL TERM
Topical term or geographic name as entry element FMP
700 ## - ADDED ENTRY--PERSONAL NAME
Personal name CHoudhury .A.K
856 ## - ELECTRONIC LOCATION AND ACCESS
Uniform Resource Identifier FMP
Holdings
Withdrawn status Lost status Source of classification or shelving scheme Damaged status Not for loan Home library Current library Shelving location Date acquired Cost, normal purchase price Total Checkouts Barcode Date last seen Date checked out Price effective from Koha item type
    Dewey Decimal Classification     College of Agricultural Engineering and Technology, Dapoli , Library College of Agricultural Engineering and Technology, Dapoli , Library Book Cart 23/08/2021 160.00 3 000005 04/03/2024 01/03/2024 23/08/2021 Books

Contact Us: College of Agricultural Engineering and Technology, Dapoli, Dist.- Ratnagiri
Website: https://dbskkv.org Email: caetlibrary2015@gmail.com